Odhad časové struktury úrokových sazeb z cen domácích dluhopisů
Informácie o časovej štruktúre úrokových sadzieb, ich hladine a trende vývoja - bežný nástroj menovej analýzy. Synonymom pre pojem časová štruktúra úrokových sadzieb je jej grafické znázornenie v podobe výnosovej krivky. Metódy odhadu časovej štruktúry úrokových sadzieb: kanadský model, nazývaný Sup...
Guardado en:
| Autor principal: | |
|---|---|
| Formato: | Capítulo de libro |
| Lenguaje: | checo |
| Materias: | |
| Etiquetas: |
Sin Etiquetas, Sea el primero en etiquetar este registro!
|
MARC
| LEADER | 00000naa a2200000 4500 | ||
|---|---|---|---|
| 001 | r043809 | ||
| 005 | 20231003122440.5 | ||
| 041 | 0 | |a cze | |
| 044 | |a CZ | ||
| 245 | 1 | 0 | |a Odhad časové struktury úrokových sazeb z cen domácích dluhopisů |c Michal Slavík |
| 520 | |a Informácie o časovej štruktúre úrokových sadzieb, ich hladine a trende vývoja - bežný nástroj menovej analýzy. Synonymom pre pojem časová štruktúra úrokových sadzieb je jej grafické znázornenie v podobe výnosovej krivky. Metódy odhadu časovej štruktúry úrokových sadzieb: kanadský model, nazývaný Super-Bell, Nelsonov-Siegelov model, Svenssonov model. Aplikácia pre české podmienky a výsledky modelov. | ||
| 610 | 2 | 0 | |a sadzby úrokové |
| 610 | 2 | 0 | |a dlhopisy |
| 610 | 2 | 0 | |a výnosy |
| 610 | 2 | 0 | |a modely |
| 610 | 2 | 0 | |a Česko |
| 610 | 2 | 0 | |a ceny |
| 100 | 1 | |a Slavík, Michal | |